Word Ladder: Titanic Plot Spoiler! Quiz Stats

 Plays Quiz Updated May 3, 2012

Support Sporcle.
Go Orange.
Score 0/50 Timer 04:00
3 Plays Today
Hint Word % Correct
❢ MASSIVE ❢❢ HUGE ❢
87.6%
❢ VESSEL ❢❢ BOAT ❢
87.4%
Castle ditchMOAT
85.7%
Good fortuneLUCK
85.5%
GlanceLOOK
85.4%
Rosé or MerlotWINE
84.6%
Clock soundTOCK
81.9%
Olympic sledLUGE
81.7%
Secure fastenerLOCK
80.6%
School subjectMATH
80.5%
Halloween accessoryMASK
79.8%
Shed feathersMOLT
78.7%
Milk shake alternativeMALT
77.9%
Bulletin board pinTACK
77.3%
____-OUT correction fluidWITE
77.3%
❢ IN CONJUNCTION ❢❢ WITH ❢
77%
Of sound mindSANE
76.6%
Student athleteJOCK
76.6%
Road feeTOLL
74.6%
TomeBOOK
74.5%
❢ YOUNG DAWSON ❢❢ JACK ❢
73.7%
KickBOOT
73.4%
❢ WENT DOWN ❢❢ SANK ❢
73.3%
DiminishWANE
73.2%
Actor's partROLE
72.9%
Hint Word % Correct
Mexican dishTACO
72%
TumbleROLL
70.1%
CrushMASH
69.4%
Truck makerMACK
68%
Old sailorSALT
65%
BaitLURE
64%
Vaccine inventor Jonas ____SALK
63.9%
Baby horseFOAL
63.5%
SkulkLURK
61.1%
LanePATH
60.7%
Kind of helmetPITH
56.8%
❢ DID THE DOG PADDLE ❢❢ SWAM ❢
55.4%
WanderROAM
55.1%
Paper quantityREAM
55%
SudsFOAM
54.5%
Can be stitched or rivetedSEAM
50.7%
ImplementTOOL
48%
❢ BUOYANT LASS ❢❢ ROSE ❢
47.4%
Imprudent oneFOOL
47.4%
Stun with voltageTASE
39%
Demolish, in UKRASE
34.8%
Shipping weightTARE
34.7%
Poi sourceTARO
34.6%
❢ MORE DISTANT ❢❢ AWAY ❢
32.2%
WaverSWAY
30.2%

Today's Daily Dose

Quick Pick
Nissan Models

Get the Picture
Amazing Trees

From the Vault

Countries by Movie Scene

by druhutch

Movies 7m
Our research was not able to turn up any major Hollywood movies set in Kyrgyzstan.
Remove Ads.
Support Sporcle.
Get the best of Sporcle when you Go Orange. This ad-free experience offers more features, more stats, and more fun while also helping to support Sporcle. Thank you for becoming a member.

Show Comments

Extras

Top Quizzes Today


Score Distribution

Your Account Isn't Verified!

In order to create a playlist on Sporcle, you need to verify the email address you used during registration. Go to your Sporcle Settings to finish the process.

Report this User

Report this user for behavior that violates our Community Guidelines.

Details: